Sociology (Record no. 1416)

000 -LEADER
fixed length control field 00505nam a22002057a 4500
001 - CONTROL NUMBER
control field 1416
003 - CONTROL NUMBER IDENTIFIER
control field BD-DhUET
008 - FIXED-LENGTH DATA ELEMENTS--GENERAL INFORMATION
fixed length control field 140907b xxu||||| |||| 00| 0 eng d
020 ## - INTERNATIONAL STANDARD BOOK NUMBER
International Standard Book Number 9780073125817
040 ## - CATALOGING SOURCE
Transcribing agency 0
Modifying agency BD-DhUET
082 ## - DEWEY DECIMAL CLASSIFICATION NUMBER
Classification number 301
Item number SCH/2007
100 ## - MAIN ENTRY--PERSONAL NAME
Personal name Schaefer, Richard T.
245 ## - TITLE STATEMENT
Title Sociology
Statement of responsibility, etc. by Richard T. Schaefer
250 ## - EDITION STATEMENT
Edition statement 10th ed.
260 ## - PUBLICATION, DISTRIBUTION, ETC. (IMPRINT)
Place of publication, distribution, etc. New York:
Name of publisher, distributor, etc. McGraw-Hill,
Date of publication, distribution, etc. 2007.
300 ## - PHYSICAL DESCRIPTION
Extent xxxiv,542p.
504 ## - BIBLIOGRAPHY, ETC. NOTE
Bibliography, etc Includes bibliographies
650 #0 - SUBJECT ADDED ENTRY--TOPICAL TERM
Topical term or geographic name as entry element Sociology
942 ## - ADDED ENTRY ELEMENTS (KOHA)
Koha item type General Book
Holdings
Date acquired Koha issues (times borrowed) Not for loan Piece designation (barcode) Koha date last seen Koha item type Koha normalized classification for sorting Koha date last borrowed Location (home branch) Shelving location Price effective from Damaged status Withdrawn status Copy number Source of classification or shelving scheme Sublocation or collection (holding branch) Koha full call number Lost status
2014-09-076 1033792026-01-18General Book301SCH20072023-06-18Central Library, BUETCirculation section2014-09-07  1 Central Library, BUET301/SCH/2007 
2014-09-076 1033772023-11-18General Book301SCH20072023-06-06Central Library, BUETCirculation section2014-09-07  2 Central Library, BUET301/SCH/2007 
2014-09-079 1033782024-06-03General Book301SCH20072024-05-26Central Library, BUETCirculation section2014-09-07  3 Central Library, BUET301/SCH/2007